Big 4 Team Geographic Names Quiz Stats

 Plays Quiz Updated Oct 3, 2019

Score 0/62 Timer 08:00
6 Plays Today
# of Teams Geographic Name % Correct
7New York
98.4%
7Los Angeles
95.3%
5Chicago
93.5%
3Boston
92.4%
3Dallas
92%
3Miami
91.8%
3Houston
90.3%
4Washington
89.2%
2Seattle
87.6%
4Philadelphia
87.4%
4Detroit
87.1%
3Atlanta
87.1%
4Minnesota
86.6%
3Cleveland
85.2%
3Pittsburgh
84.9%
2San Francisco
84.6%
2Denver
83.2%
3Toronto
82.6%
3Tampa Bay
82.4%
2New Orleans
81.5%
2St. Louis
81.1%
1San Diego
80.8%
3Arizona
79.9%
2Carolina
78.2%
1Phoenix
77.9%
2Kansas City
77.8%
2Cincinnati
77.5%
1Indiana
77.4%
1Florida
77.3%
1New Jersey
76.9%
2Baltimore
76.4%
# of Teams Geographic Name % Correct
2Oakland
76.1%
1New England
76.1%
1Texas
76%
1San Antonio
74.8%
1Green Bay
74.6%
2Colorado
73.9%
1Indianapolis
71.5%
2Buffalo
71.3%
1Oklahoma City
71%
1Jacksonville
70.9%
1Portland
70.6%
1Tennessee
70.2%
1Montreal
68.5%
1Vancouver
68.2%
1Utah
67.1%
2Milwaukee
66.8%
1Orlando
64.9%
1Sacramento
62.5%
1Nashville
61.7%
1Memphis
61.1%
1Charlotte
61.1%
1Golden State
59.6%
1Anaheim
58.9%
1Calgary
57.2%
1Columbus
57.1%
1Brooklyn
56.8%
1Ottawa
55.4%
1Edmonton
55.3%
1San Jose
55.1%
1Vegas
48.4%
1Winnipeg
38.8%

You're not logged in!

Compare scores with friends on all Sporcle quizzes.
OR
Log In

Sporcle TV

Today on Sporcle TV


Watch our educational content, quiz creation guides, and fun videos on Sporcle TV.

Show Comments

Extras

Top Quizzes Today


Score Distribution

Your Account Isn't Verified!

In order to create a playlist on Sporcle, you need to verify the email address you used during registration. Go to your Sporcle Settings to finish the process.

Report this User

Report this user for behavior that violates our Community Guidelines.

Details: